Normal view
MARC view
- Zainab, Naureen
Entry Personal Name
001 - CONTROL NUMBER
- control field: 35415
003 - CONTROL NUMBER IDENTIFIER
- control field: NUST
005 - DATE AND TIME OF LATEST TRANSACTION
- control field: 20201119110604.0
008 - FIXED-LENGTH DATA ELEMENTS
- fixed length control field: 201119|| aca||aabn | a|a d
040 ## - CATALOGING SOURCE
- Original cataloging agency: NUST
- Transcribing agency: NUST
100 ## - HEADING--PERSONAL NAME
- Personal name: Zainab, Naureen
670 ## - SOURCE DATA FOUND
- Source citation: Work cat.: (NUST): Zainab, Naureen, Developmet of Web based GIS Alert System for Informing Environment Risk of Dengue Infections in Major Cities of Pakistan /, 2014.
